| 000 | 00955nam a22002537a 4500 | ||
|---|---|---|---|
| 005 | 20240530110606.0 | ||
| 008 | 161105s2014 ua a g b 000 0 ara d | ||
| 017 |
_a2014/1719 _bمصر. دار الكتب |
||
| 020 | _a9772329519 | ||
| 040 |
_aEG-CaGPL _cEG-CaGPL |
||
| 082 | 0 | 4 |
_221 _a658.8\ _bك ق |
| 100 | 1 | _aكوردى ، جيرمى . | |
| 245 | 1 | 0 |
_aقرن من التسويق : _bكيف قاد التسويق عالم الاعمال و شكل بنية المجتمع / _cتحرير جيرمى كوردى . |
| 250 | _aط.1 | ||
| 260 |
_aالقاهرة : _bعالم الكتب ، _c2014 . |
||
| 300 |
_a333 ص ؛ _c20 سم . |
||
| 650 | 0 | 7 |
_2qrmak _aالتسويق . |
| 650 | 0 | 7 |
_2qrmak _aالعلاقات العامة . |
| 650 | 0 | 7 |
_2qrmak _aالاعلانات . |
| 650 | 0 | 7 |
_2qrmak _aالتسويق الرقمى . |
| 650 | 0 | 7 |
_2qrmak _aالعلامات التجارية . |
| 942 |
_2ddc _cBK |
||
| 999 |
_c62755 _d62755 |
||